[Event "South Moravia Region-chT 2223"]
[Site "Czech Republic"]
[Date "2023.01.15"]
[Round "6.6"]
[White "Galuska, Petr"]
[Black "Urban, Vlastimil"]
[Result "0-1"]
[WhiteElo "1807"]
[BlackElo "1883"]
[PlyCount "76"]
[EventDate "2022.10.09"]
[EventType "team-tourn"]
[EventRounds "11"]
[EventCountry "CZE"]
[SourceTitle "EXT 2024"]
[Source "ChessBase"]
[SourceDate "2023.10.10"]
[SourceVersion "1"]
[SourceVersionDate "2023.10.10"]
[SourceQuality "1"]

1. d4 d5 2. c4 dxc4 3. e4 e5 4. Bxc4 Qxd4 5. Qc2 Nf6 6. Bd3 Nc6 7. Nf3 Bb4+ 8. Nbd2 Qd6 9. 0-0 0-0 10. Nc4 Qe7 11. a3 Bc5 12. b4 Nd4 13. Nxd4 Bxd4 14. Bb2 Rd8 15. Rad1 Bg4 16. Be2 Bxe2 17. Qxe2 Bxb2 18. Nxb2 Rxd1 19. Rxd1 Rd8 20. f3 Rxd1+ 21. Qxd1 Qd7 22. Qxd7 Nxd7 23. Nc4 f6 24. Kf2 Kf7 25. Ke2 Ke6 26. Kd3 b5 27. Ne3 c5 28. bxc5 Nxc5+ 29. Kc3 a5 30. Nd5 Kd6 31. Ne3 g6 32. Nd5 Nd7 33. Ne3 Kc5 34. Nc2 Nb6 35. Na1 Nc4 36. Nb3+ Kb6 37. a4 bxa4 38. Kxc4 axb3 0-1

[Event "Stare Mesto op"]
[Site "Stare Mesto"]
[Date "2009.08.14"]
[Round "1"]
[White "Kuchynka, Lukas"]
[Black "Galuska, Petr"]
[Result "1-0"]
[WhiteElo "2307"]
[BlackElo "1806"]
[PlyCount "43"]
[EventDate "2009.08.14"]
[EventType "swiss"]
[EventRounds "10"]
[EventCountry "CZE"]
[SourceTitle "CBM 131 Extra"]
[Source "ChessBase"]
[SourceDate "2009.09.03"]
[SourceVersion "2"]
[SourceVersionDate "2009.09.16"]
[SourceQuality "1"]

1. e4 c6 2. d4 d5 3. e5 Bf5 4. h4 h6 5. g4 Bh7 6. e6 g6 7. Nh3 Bg7 8. Nf4 g5 9. hxg5 hxg5 10. exf7+ Kxf7 11. Nh3 Bf6 12. Bd3 e6 13. Bxh7 Nh6 14. Qd3 Kf8 15. Qg6 Nf7 16. Be3 Nd7 17. Nd2 Ke8 18. Bg8 Qe7 19. 0-0-0 Nf8 20. Qxf7+ Qxf7 21. Bxf7+ Kxf7 22. Nxg5+ 1-0